| Tag |
First Indicator |
Second Indicator |
Subfields |
| LEADER |
00000cam a2200000 a 4500 |
| 001 |
in00000010121 |
| 005 |
20151006070021.0 |
| 008 |
860717s1987 caua b 00100 eng |
| 010 |
|
|
|a 86017873
|
| 020 |
|
|
|a 0871567032 (pbk.) :
|c $18.95 (est.)
|
| 020 |
|
|
|a 0871567024 (hard) :
|c $29.95 (est.)
|
| 035 |
|
|
|a (OCoLC)14002328
|
| 035 |
|
|
|9 AAA2318AM
|
| 040 |
|
|
|a DLC
|c DLC
|d TXA
|d UtOrBLW
|
| 049 |
|
|
|a TXAM
|c [A12614008]
|
| 050 |
0 |
0 |
|a GV200
|b .C59 1987
|
| 082 |
0 |
|
|a 796.5/22
|2 19
|
| 245 |
0 |
4 |
|a The Climber's handbook /
|c editor, Audrey Salkeld.
|
| 264 |
|
1 |
|a San Francisco :
|b Sierra Club Books,
|c [1987]
|
| 264 |
|
4 |
|c ©1987
|
| 300 |
|
|
|a 255 pages :
|b illustrations (some color) ;
|c 27 cm.
|
| 336 |
|
|
|a text
|b txt
|2 rdacontent
|
| 337 |
|
|
|a unmediated
|b n
|2 rdamedia
|
| 338 |
|
|
|a volume
|b nc
|2 rdacarrier
|
| 504 |
|
|
|a Bibliography: page [248].
|
| 500 |
|
|
|a Includes index.
|
| 505 |
0 |
|
|a Rock / Ron Fawcett -- Ice / Jeff Lowe -- Alpine / Paul Nunn -- Expeditions / Alan Rouse.
|
| 650 |
|
0 |
|a Mountaineering.
|
| 650 |
|
0 |
|a Rock climbing.
|
| 650 |
|
0 |
|a Snow and ice climbing.
|
| 700 |
1 |
|
|a Salkeld, Audrey.
|
| 999 |
|
|
|a MARS
|
| 999 |
f |
f |
|s ba9dcd5f-f1db-337b-9612-e858a3e94f89
|i 6f12797f-694c-3c5f-b89a-59cc0374e842
|t 0
|
| 952 |
f |
f |
|p ric
|a Texas A&M University
|b Rellis Campus
|c Joint Library Facility
|d Remote Storage
|t 0
|e GV200 .C59 1987
|h Library of Congress classification
|i unmediated -- volume
|m A14812614008
|
| 998 |
f |
f |
|a GV200 .C59 1987
|t 0
|l Remote Storage
|